Normal view
MARC view
Entry Topical Term
001 - CONTROL NUMBER
- control field: 7969
003 - CONTROL NUMBER IDENTIFIER
- control field: BD-RjUL
005 - DATE AND TIME OF LATEST TRANSACTION
- control field: 20230711103145.0
008 - FIXED-LENGTH DATA ELEMENTS
- fixed length control field: 230711|| aca||aabn | a|a d
040 ## - CATALOGING SOURCE
- Original cataloging agency: BD-RjUL
- Transcribing agency: BD-RjUL
150 ## - HEADING--TOPICAL TERM
- Topical term or geographic name entry element: লিঙ্গ পরিচয়
- Form subdivision: বৈষম্য
670 ## - SOURCE DATA FOUND
- Source citation: Work cat.: (BD-RjUL)81556: ফাতেমা, রিফাত 7967, লিঙ্গবৈষম্য ও নারীউন্নয়ন :, ২০২১